000 00914nam a2200277Ia 4500
003 OSt
005 20220926012153.0
006 a|||||r|||| 00| 0
007 ta
008 220923b |||||||| |||| 00| 0 eng d
020 _a1845450256
_c2763.60
037 _b20977, 15/06/2006, Segment Book Distrobutors
_cGeneral Book
040 _aRTL
_cRTL
_beng
041 _2eng
_aeng
082 _aY7b4, P6
100 _aRAO Ursula Ed.
_9315701
245 0 _aCelebrating transgression
_bMethod and politics in anthropological studies of culture
260 _aNew York
_bBerghahn Books
_c2006
300 _ax, 253p
_ccm.
500 _aBibliography Chapterwise
650 _a Anthropology
_921
650 _aSociology
700 _a HUTNYK John
_9147428
942 _hY7b4, P6
_cGB
_2CC
999 _c621965
_d621965